[Event "London Central Major"]
[Site "London"]
[Date "2022.11.06"]
[Round "5"]
[White "Hall, Antony C"]
[Black "Finnegan, Oliver"]
[Result "1-0"]
[WhiteElo "1794"]
[BlackElo "1696"]
[PlyCount "53"]
[EventDate "2022.11.04"]
[EventType "swiss"]
[EventRounds "5"]
[EventCountry "ENG"]
[SourceTitle "EXT 2024"]
[Source "ChessBase"]
[SourceDate "2023.10.10"]
[SourceVersion "1"]
[SourceVersionDate "2023.10.10"]
[SourceQuality "1"]

1. e4 e6 2. d4 d5 3. Nd2 dxe4 4. Nxe4 Nd7 5. c3 Ngf6 6. Bd3 c5 7. Nf3 cxd4 8. Nxd4 Nxe4 9. Bxe4 Bc5 10. 0-0 0-0 11. Be3 Qh4 12. Bc2 b6 13. Nf3 Qh5 14. Be4 Rb8 15. Bf4 e5 16. Nxe5 Qxd1 17. Rfxd1 Nxe5 18. Bxe5 Bg4 19. Bxb8 Bxd1 20. Bxa7 Bg4 21. b4 Bd6 22. Bxb6 Re8 23. f3 Be6 24. a4 f5 25. Bc6 Rc8 26. b5 Be5 27. Re1 1-0

[Event "London Classic U1825 op 10th"]
[Site "London"]
[Date "2018.12.14"]
[Round "1"]
[White "Finnegan, Oliver"]
[Black "Abedian, Mohsen"]
[Result "1-0"]
[WhiteElo "1719"]
[BlackElo "1567"]
[PlyCount "53"]
[EventDate "2018.12.14"]
[EventType "swiss"]
[EventRounds "5"]
[EventCountry "ENG"]
[SourceTitle "CBM 187 Extra"]
[Source "ChessBase"]
[SourceDate "2018.11.04"]
[SourceVersion "1"]
[SourceVersionDate "2018.11.04"]
[SourceQuality "1"]

1. d4 f5 2. Bf4 d6 3. e3 Be6 4. Nf3 Nf6 5. h3 c6 6. c4 Qb6 7. Qc2 Na6 8. Nc3 h6 9. a3 Qa5 10. Rc1 Ne4 11. Bd3 Nxc3 12. bxc3 Bd7 13. Rb1 Rb8 14. 0-0 g5 15. Bh2 g4 16. hxg4 fxg4 17. Nh4 Bg7 18. Ng6 Rg8 19. c5 Qc7 20. cxd6 exd6 21. Bc4 Qa5 22. Qe4+ Be5 23. Bxg8 Rd8 24. dxe5 Nc5 25. Qf4 Ne6 26. Qf6 Nc7 27. Qe7# 1-0

[Event "London Classic Super rapid 8th"]
[Site "London"]
[Date "2016.12.17"]
[Round "1"]
[White "Finnegan, Oliver"]
[Black "Nunn, John DM"]
[Result "0-1"]
[WhiteElo "1711"]
[BlackElo "2600"]
[PlyCount "62"]
[EventDate "2016.12.17"]
[EventType "swiss (rapid)"]
[EventRounds "10"]
[EventCountry "ENG"]
[SourceTitle "CBM 176 Extra"]
[Source "ChessBase"]
[SourceDate "2017.03.02"]
[SourceVersion "1"]
[SourceVersionDate "2017.03.02"]
[SourceQuality "1"]

1. d4 Nf6 2. c4 g6 3. Nc3 Bg7 4. e4 d6 5. Nf3 0-0 6. Be2 Nbd7 7. Qc2 e5 8. d5 a5 9. Be3 Ng4 10. Bg5 f6 11. Bd2 f5 12. Ng5 Nc5 13. f3 f4 14. fxg4 Qxg5 15. h4 Qe7 16. Na4 Nxa4 17. Qxa4 Bd7 18. Qc2 c6 19. Bf3 cxd5 20. cxd5 Rfc8 21. Qd3 Rc5 22. g5 Rac8 23. Bd1 Rc4 24. Bc3 a4 25. a3 h6 26. gxh6 Bf6 27. Bf3 Bxh4+ 28. Kd2 Bb5 29. Qb1 Kh7 30. Bg4 Qg5 31. Qd1 f3+ 0-1

[Event "London Classic op U1825 8th"]
[Site "London"]
[Date "2016.12.11"]
[Round "5"]
[White "Bovtramovics, Vladimirs"]
[Black "Finnegan, Oliver"]
[Result "0-1"]
[WhiteElo "1731"]
[BlackElo "1711"]
[PlyCount "92"]
[EventDate "2016.12.09"]
[EventType "swiss"]
[EventRounds "5"]
[EventCountry "ENG"]
[SourceTitle "EXT 2019"]
[Source "ChessBase"]
[SourceDate "2018.10.10"]
[SourceVersion "1"]
[SourceVersionDate "2018.10.10"]
[SourceQuality "1"]

1. e4 e6 2. Qe2 c5 3. Nf3 Nc6 4. g3 g6 5. Bg2 Bg7 6. 0-0 Nge7 7. d3 d6 8. c3 0-0 9. Bg5 h6 10. Be3 e5 11. Na3 f5 12. Qd2 g5 13. exf5 Bxf5 14. Nc2 Qe8 15. Nfe1 Qg6 16. d4 exd4 17. cxd4 b6 18. Rc1 Rad8 19. b4 Kh8 20. b5 Na5 21. Na3 Be4 22. Nc4 Nxc4 23. Rxc4 Bxg2 24. Nxg2 Nf5 25. d5 Ne7 26. g4 Qf7 27. Rd1 Ng6 28. f4 gxf4 29. Nxf4 Ne5 30. Qc2 Nxc4 31. Qxc4 Rde8 32. Ne6 Qf3 33. Re1 Rf6 34. g5 Rg6 35. h4 hxg5 36. hxg5 Qg3+ 37. Kf1 Qh3+ 38. Kf2 Be5 39. Qe4 Qh2+ 40. Kf1 Rgxe6 41. Qf5 Bg7 42. dxe6 Rf8 43. Qf2 Qh1+ 44. Ke2 Rxf2+ 45. Kxf2 Qh2+ 46. Kf3 Qh3+ 0-1

[Event "London Classic op U1825 8th"]
[Site "London"]
[Date "2016.12.11"]
[Round "4"]
[White "Finnegan, Oliver"]
[Black "Sheikh, Nasarullah"]
[Result "1/2-1/2"]
[WhiteElo "1711"]
[BlackElo "1604"]
[PlyCount "35"]
[EventDate "2016.12.09"]
[EventType "swiss"]
[EventRounds "5"]
[EventCountry "ENG"]
[SourceTitle "EXT 2019"]
[Source "ChessBase"]
[SourceDate "2018.10.10"]
[SourceVersion "1"]
[SourceVersionDate "2018.10.10"]
[SourceQuality "1"]

1. d4 Nf6 2. Nf3 d6 3. g3 Nbd7 4. Bg2 e5 5. dxe5 dxe5 6. 0-0 Be7 7. Nc3 0-0 8. Nd2 Re8 9. Nde4 Nxe4 10. Nxe4 f5 11. Nc3 c6 12. e4 Nf6 13. Qxd8 Bxd8 14. Bg5 h6 15. Bxf6 Bxf6 16. Rad1 Rd8 17. Rxd8+ Bxd8 18. exf5 1/2-1/2

[Event "Hampstead U1900 op 41st"]
[Site "Hampstead"]
[Date "2016.07.03"]
[Round "5"]
[White "Patel, Devan"]
[Black "Finnegan, Oliver"]
[Result "1/2-1/2"]
[WhiteElo "1458"]
[BlackElo "1740"]
[PlyCount "59"]
[EventDate "2016.07.02"]
[EventType "swiss"]
[EventRounds "5"]
[EventCountry "ENG"]
[SourceTitle "EXT 2025"]
[Source "ChessBase"]
[SourceDate "2024.10.14"]
[SourceVersion "1"]
[SourceVersionDate "2024.10.14"]
[SourceQuality "1"]

1. d4 e6 2. c4 f5 3. Nc3 Nf6 4. Nf3 Be7 5. Bg5 d6 6. e3 b6 7. Bd3 Bb7 8. 0-0 Ne4 9. Bxe7 Qxe7 10. Bxe4 fxe4 11. Nd2 d5 12. Qh5+ Qf7 13. Qxf7+ Kxf7 14. cxd5 exd5 15. f3 exf3 16. Rxf3+ Kg6 17. Rg3+ Kh6 18. Rh3+ Kg6 19. Rg3+ Kh6 20. Rf1 Na6 21. Rh3+ Kg6 22. Nf3 h6 23. Ne5+ Kh7 24. Rf7 Rhf8 25. Rhf3 Kg8 26. Nb5 Rxf7 27. Rxf7 Rf8 28. Re7 Rc8 29. Nxa7 Ra8 30. Nb5 1/2-1/2

[Event "Hampstead U1900 op 41st"]
[Site "Hampstead"]
[Date "2016.07.02"]
[Round "3"]
[White "Barnes, Jon A"]
[Black "Finnegan, Oliver"]
[Result "1-0"]
[WhiteElo "1849"]
[BlackElo "1740"]
[PlyCount "75"]
[EventDate "2016.07.02"]
[EventType "swiss"]
[EventRounds "5"]
[EventCountry "ENG"]
[SourceTitle "EXT 2025"]
[Source "ChessBase"]
[SourceDate "2024.10.14"]
[SourceVersion "1"]
[SourceVersionDate "2024.10.14"]
[SourceQuality "1"]

1. e4 e6 2. g3 c5 3. Nc3 Nc6 4. Bg2 a6 5. a4 Nge7 6. d3 g6 7. f4 Bg7 8. Be3 d6 9. Nge2 Nd4 10. Bxd4 cxd4 11. Nb1 0-0 12. 0-0 e5 13. Nd2 Bd7 14. Nc4 Qc7 15. a5 Rae8 16. Nb6 Be6 17. Qd2 Rd8 18. Rad1 Qb8 19. c3 dxc3 20. Nxc3 exf4 21. gxf4 Bd4+ 22. Kh1 Bxb6 23. axb6 d5 24. f5 Bxf5 25. exf5 Nxf5 26. Nxd5 Qe5 27. Rde1 Qg7 28. Ne7+ Nxe7 29. Rxe7 Qd4 30. Rxb7 Rd6 31. Qf4 Qxf4 32. Rxf4 Rxd3 33. Ra7 Rd2 34. b7 Rxb2 35. Ra8 Kg7 36. h3 h5 37. Rc4 Rb1+ 38. Kh2 1-0

[Event "Hampstead U1900 op 30th"]
[Site "Hampstead"]
[Date "2015.07.05"]
[Round "4"]
[White "Horlock, Peter J"]
[Black "Finnegan, Oliver"]
[Result "1/2-1/2"]
[WhiteElo "1600"]
[BlackElo "1753"]
[PlyCount "53"]
[EventDate "2015.07.04"]
[EventType "swiss"]
[EventRounds "5"]
[EventCountry "ENG"]
[SourceTitle "EXT 2025"]
[Source "ChessBase"]
[SourceDate "2024.10.14"]
[SourceVersion "1"]
[SourceVersionDate "2024.10.14"]
[SourceQuality "1"]

1. e4 e6 2. d4 d5 3. exd5 exd5 4. Nf3 Bd6 5. Be3 Ne7 6. Bd3 Bg4 7. h3 Bh5 8. c3 c6 9. Nbd2 Nd7 10. Qc2 Bg6 11. 0-0 h6 12. Rae1 Bxd3 13. Qxd3 0-0 14. Nh4 Nf6 15. Nf5 Nxf5 16. Qxf5 Qd7 17. Qf3 Nh7 18. Bf4 Bxf4 19. Qxf4 Ng5 20. Re3 Rae8 21. Rg3 Kh8 22. Qh4 Qd8 23. Qh5 f5 24. f4 Ne4 25. Rg6 Nxd2 26. Rxh6+ gxh6 27. Qxh6+ 1/2-1/2

[Event "Hampstead U1900 op 30th"]
[Site "Hampstead"]
[Date "2015.07.04"]
[Round "1"]
[White "Finnegan, Oliver"]
[Black "Davies, Cledwyn"]
[Result "1-0"]
[WhiteElo "1753"]
[BlackElo "1604"]
[PlyCount "55"]
[EventDate "2015.07.04"]
[EventType "swiss"]
[EventRounds "5"]
[EventCountry "ENG"]
[SourceTitle "EXT 2025"]
[Source "ChessBase"]
[SourceDate "2024.10.14"]
[SourceVersion "1"]
[SourceVersionDate "2024.10.14"]
[SourceQuality "1"]

1. d4 Nf6 2. c4 e5 3. dxe5 Ne4 4. Nf3 Bb4+ 5. Nbd2 0-0 6. a3 Bxd2+ 7. Nxd2 Nxd2 8. Bxd2 Nc6 9. Bc3 Qg5 10. g3 Qf5 11. Qd3 Qe6 12. f4 Ne7 13. Bg2 Rb8 14. Be4 g6 15. 0-0 b6 16. f5 Nxf5 17. Rxf5 gxf5 18. Bxf5 Qh6 19. Qd4 c5 20. Qg4+ Qg7 21. Qh5 h6 22. Bd2 d6 23. Bxh6 Qxe5 24. Qg4+ Kh8 25. Rf1 Bxf5 26. Rxf5 Rg8 27. Qh3 Qe6 28. Bf8+ 1-0